[Event "FRA-ch U10 Girls"]
[Site "Le Grand Bornand"]
[Date "2007.04.??"]
[Round "5"]
[White "Laravine, Lauryn"]
[Black "Imperor, Lorene"]
[Result "0-1"]
[WhiteElo "1009"]
[BlackElo "1350"]
[PlyCount "36"]
[EventDate "2007.04.07"]
[EventType "swiss"]
[EventRounds "9"]
[EventCountry "FRA"]
[SourceTitle "CBM 118 Extra"]
[Source "ChessBase"]
[SourceDate "2007.07.04"]
[SourceVersion "1"]
[SourceVersionDate "2007.07.04"]
[SourceQuality "1"]

1. c4 e6 2. Nc3 d5 3. b3 c6 4. d4 Bb4 5. Bd2 Nf6 6. Nf3 0-0 7. e3 Nbd7 8. Be2 Re8 9. 0-0 e5 10. a3 Ba5 11. b4 Bc7 12. Qc2 Bd6 13. Rad1 dxc4 14. Bxc4 b5 15. Bb3 Qc7 16. Qa2 Nb6 17. Bxf7+ Qxf7 18. Qxf7+ Kxf7 0-1